• 首页
  • 本馆介绍
  • 公告通知
  • 最新文献
  • 馆藏检索
  • 电子资源
  • 读者导购
  • 参考咨询
  • 我的图书馆
  • 登录
  • 详细信息显示
  • 放入我的书架
  • 预约/预借图书
  • 作者相关作品
  • 分类相关作品
  • 丛书相关作品
  • 出版社相关作品

书目信息

  • 表格格式
  • 工作单格式
  • 卡片格式
题名:
计算机在化学化工中的应用
    
 
作者: 程德军 , 杜怀明 , 曾宪光 编
分册:  
出版信息: 北京   化学工业出版社  2019重印
页数: 264页
开本: 26cm
丛书名:
单 册:
中图分类: O6-39 , TQ015.9
科图分类:
主题词: 计算机应用--ji suan ji ying yong--化学--高等学校--教材 , 计算机应用--ji suan ji ying yong--化学工业--高等学校--教材
电子资源:
ISBN: 978-7-122-29718-1
000 01220nam0 2200313 45
001 012001000961
005 20140107093912.0
010    @a978-7-122-29718-1@dCNY39.00
099    @aCAL 012017121855
100    @a20170817d2017 em y0chiy50 ea
101 0  @achi
102    @aCN@b110000
105    @aak a 000yy
106    @ar
200 1  @a计算机在化学化工中的应用@Aji suan ji zai hua xue hua gong zhong de ying yong@f程德军, 杜怀明, 曾宪光等编
210    @a北京@c化学工业出版社@d2019重印
215    @a264页@c图@d26cm
300    @a高等学校“十三五”规划教材
320    @a有书目 (第264页)
330    @a本书内容涵盖了化学化工网上资源的检索、实验设计与SPSS应用、Origin数据绘图与数据处理、ChemBioOffice化学结构装置的绘制、AutoCAD化工装配图的绘制、Visio工艺流程图的绘制,PhotoShop化学化工图像处理、ChemCAD化工过程模拟。
606 0  @a计算机应用@Aji suan ji ying yong@x化学@x高等学校@j教材
606 0  @a计算机应用@Aji suan ji ying yong@x化学工业@x高等学校@j教材
690    @aO6-39@v4
690    @aTQ015.9@v4
701  0 @a程德军@Acheng de jun@4编
701  0 @a杜怀明@Adu huai ming@4编
701  0 @a曾宪光@Azeng xian guang@4编
801  0 @aCN@b北京卓展文化@c20191020
905    @b1201227-30@dO6-39@e964@f4
    
    计算机在化学化工中的应用/程德军, 杜怀明, 曾宪光等编.-北京:化学工业出版社,2019重印
    264页:图;26cm
    高等学校“十三五”规划教材
    
    ISBN 978-7-122-29718-1:CNY39.00
    本书内容涵盖了化学化工网上资源的检索、实验设计与SPSS应用、Origin数据绘图与数据处理、ChemBioOffice化学结构装置的绘制、AutoCAD化工装配图的绘制、Visio工艺流程图的绘制,PhotoShop化学化工图像处理、ChemCAD化工过程模拟。
●
相关链接 在E读中查询图书 在五车中查询图书 在当当中查询图书 在豆瓣中查询图书


正题名:计算机在化学化工中的应用     索取号:O6-39/964         预约/预借

序号 登录号 条形码 馆藏地/架位号 状态 备注
1 1201227   212012276   第二样本阅览室/ [索取号:O6-39/964] 在馆    
2 1201228   212012285   第三借阅区/ [索取号:O6-39/964] 在馆    
3 1201229   212012294   第三借阅区/ [索取号:O6-39/964] 在馆    
4 1201230   212012301   第三借阅区/ [索取号:O6-39/964] 在馆    
唐山师范学院图书馆 欢迎您!
大连网信软件有限公司© 版权所有